Statistics for Taylor Swift acronyms

Click here to take the quiz!

General Stats

  • This quiz has been taken 60 times
  • The average score is 15 of 23

Answer Stats

HintAnswer% Correct
LWYMMDLook what you made me do
98%
DBMDon't blame me
87%
ICSYI can see you
87%
YOYOKYou’re on your own kid
87%
YNTCDYou need to calm down
85%
AYHTDWSAll you had to do was stay
83%
CIWYWCall it what you want
81%
KOMHKing of my heart
79%
MAATHPMiss Americana and the heartbreak prince
77%
NYDNew years day
77%
BTRBetter than revenge
72%
IDSBI did something bad
72%
LSLove story
70%
TWILYThe way I loved you
64%
BTDBack to december
62%
CSCruel summer
55%
DJDear John
53%
BSBlank space
51%
WEFILWhen Emma falls in love
49%
RFIReady for it
43%
AHAnti hero
36%
LHLavender haze
32%
MRMidnight rain
21%

Score Distribution

Percentile by Number Answered

Percent of People with Each Score

Your Score History

You have not taken this quiz